000 00722nam a22002417a 4500
003 PE SENCICO BE
005 20251020182636.0
008 230509b |||||||| |||| 00| 0 eng d
040 _aPE SENCICO BE
_cPE SENCICO BE
041 _aspa
082 _a747.79
_bO7
110 1 _9345
_aOrganización Cultural Innova
245 1 _aDecoración de spa con melamina /
_cOrganización Cultural Innova
250 _a1a ed.
260 _aLima :
_bOrganización Cultural Innova,
_c2017
300 _a250 p. :
_bil. col., lams.;
_c23 x 35 cm.
650 1 4 _925
_aDecoración de interiores
650 2 4 _9757
_aMelamine
650 2 0 _aSpas
_91008
650 2 4 _99
_aEspacios interiores
910 _bhfp
_chfp
942 _2ddc
_cLIB
999 _c4138
_d4138